[Event "Zhukovsky op-A"]
[Site "Zhukovsky"]
[Date "2008.11.28"]
[Round "5"]
[White "Shkolyar, Arkadiy"]
[Black "Spitsyn, Vadim"]
[Result "0-1"]
[WhiteElo "1961"]
[BlackElo "2008"]
[PlyCount "44"]
[EventDate "2008.11.28"]
[EventType "swiss"]
[EventRounds "9"]
[EventCountry "RUS"]
[SourceTitle "EXT 2022"]
[Source "ChessBase"]
[SourceDate "2021.10.06"]
[SourceVersion "1"]
[SourceVersionDate "2021.10.06"]
[SourceQuality "1"]

1. e4 e5 2. Nf3 Nf6 3. Bc4 Nxe4 4. Nxe5 d5 5. Qf3 Nf6 6. Bb3 Bd6 7. d4 0-0 8. 0-0 c5 9. c3 cxd4 10. cxd4 Nc6 11. Nxc6 bxc6 12. h3 Ba6 13. Re1 Re8 14. Bd2 Qb6 15. Be3 Qxd4 16. Nd2 Qxb2 17. Rab1 Qe5 18. g3 Ne4 19. Nxe4 Qxe4 20. Qh5 Re5 21. Bg5 Qf5 22. Rxe5 Qxb1+ 0-1

[Event "Zhukovsky op-A"]
[Site "Zhukovsky"]
[Date "2008.11.28"]
[Round "6"]
[White "Spitsyn, Vadim"]
[Black "Ibragimov, Ali"]
[Result "1/2-1/2"]
[WhiteElo "2008"]
[BlackElo "2061"]
[PlyCount "98"]
[EventDate "2008.11.28"]
[EventType "swiss"]
[EventRounds "9"]
[EventCountry "RUS"]
[SourceTitle "EXT 2022"]
[Source "ChessBase"]
[SourceDate "2021.10.06"]
[SourceVersion "1"]
[SourceVersionDate "2021.10.06"]
[SourceQuality "1"]

1. d4 Nf6 2. c4 g6 3. Nf3 Bg7 4. Nc3 d5 5. e3 0-0 6. cxd5 Nxd5 7. Be2 c5 8. 0-0 cxd4 9. Nxd4 Nxc3 10. bxc3 a6 11. Qb3 Qc7 12. Ba3 Re8 13. Rfd1 e5 14. Nc2 Be6 15. Qb2 b5 16. Rac1 Nd7 17. Bd6 Qa7 18. Nb4 Rac8 19. a4 a5 20. Nd5 Bxd5 21. Rxd5 Nb6 22. Rxb5 Nxa4 23. Qa3 Qd7 24. c4 e4 25. c5 Nc3 26. Rxc3 Bxc3 27. h3 Be5 28. Rxa5 Bxd6 29. cxd6 Re6 30. Rd5 Qc6 31. Rd4 Rd8 32. d7 Rxd7 33. Rxd7 Qxd7 34. Bg4 f5 35. Be2 Rc6 36. g3 Qc7 37. Kg2 Rc3 38. Qa6 Kf7 39. g4 Rc6 40. Qa1 Rc2 41. Qh8 Ke6 42. Bd1 Rc3 43. g5 Rd3 44. Qf6+ Kd5 45. Ba4 Qb7 46. Be8 Kc5 47. Bf7 Qc7 48. Be8 Kb4 49. Qb2+ Kc5 1/2-1/2